| 000 | 00779nam a2200205Ia 4500 | ||
|---|---|---|---|
| 003 | GCL | ||
| 008 | 140319s9999 xx 000 0 ara d | ||
| 040 |
_aGCL / _cGCL |
||
| 082 | 0 | 4 |
_a747 _bى ا |
| 100 | 1 | _aيونس خنفر | |
| 245 | 1 | 0 |
_aالاصول التصميمية والتنفيذية في فن وهندسة الديكور : _bتكنولوجيا النجارة والديكور / _cيونس خنفر |
| 260 |
_aبيروت : _bدار الراتب الجامعية ، _c2000 |
||
| 300 |
_a370 ص ؛ _c27 سم |
||
| 490 |
_aسلسلة الفنون التطبيقية والهندسية _v2 |
||
| 650 | 0 | 4 | _aالديكور |
| 650 | 0 | 4 | _aالديكور الداخلى |
| 650 | 0 | 4 | _aالديكور - تصميم |
| 650 | 0 | 4 | _aالديكور - هندسة |
| 942 |
_2ddc _cBK |
||
| 999 |
_c2459 _d2459 |
||